| 000 | 01285nam0a22002891 4500 | ||
|---|---|---|---|
| 001 | rc\3756354 | ||
| 005 | 20250610112304.0 | ||
| 021 |
_aRU _b[70-89046] |
||
| 035 | _a(NLR Aleph) 007876425 | ||
| 090 |
_a7890597 _c7890597 |
||
| 100 | _a20130115d1970 |||y0rusy50 ca | ||
| 101 | 0 | _arus | |
| 102 | _aRU | ||
| 105 | _ay z ||||| | ||
| 200 | 1 |
_aВнедрение научной организации труда на предприятиях мясной и молочной промышленности БССР _fБелорус. науч.-исслед. ин-т науч.-техн. информации и техн.-экон. исследований Госплана БССР |
|
| 210 |
_aМинск _cБ. и. _d1970 |
||
| 215 |
_a38 с. _d21 |
||
| 225 | 1 | _a[Информационный обзор] | |
| 606 |
_aМясное производство _xОрганизация труда _2psbo |
||
| 606 |
_aМолочные продукты _xПроизводство _xОрганизация труда _2psbo |
||
| 700 | 1 |
_aСчастливенко _bА.С. _gАнна Сергеевна |
|
| 701 | 1 |
_aЛитвяк _bА.А. _gАлександр Анисимович |
|
| 801 | 0 |
_aRU _bNLR _gpsbo |
|
| 801 | 1 |
_aRU _bELAR _2rusmarc |
|
| 852 |
_aNLR _j70-4/27266 |
||
| 942 | _cBOOK | ||
| 980 | _aNB | ||